Capoluoghi della Sicilia da Est ad Ovest - Statistics

Statistiche generali
  • Questo quiz è stato fatto 18 volte
  • Il punteggio medio è 8 su 9
Statistiche sulle risposte
Longitudine Capoluogo % Corretto
15° 33' 24"E Messina
100%
14° 03' 48"E Caltanissetta
94%
15° 05' 18"E Catania
94%
14° 16' 47"E Enna
94%
14° 43' 42"E Ragusa
94%
15° 17' 04"E Siracusa
94%
13° 34' 37"E Agrigento
89%
13° 21' 41"E Palermo
89%
12° 31' 05"E Trapani
89%
Nessun quiz corrispondente trovato
Distribuzione punteggi
Percentuale di utenti per punteggio
Percentile per numero di risposta
I tuoi punteggi nel tempo
Non hai fatto questo quiz